000 00496nab a2200157Ia 4500
003 ES-SlBCS
005 20210601135813.0
008 140529s1969 xxu||||| |||| 00| 0 spa d
041 _aspa
100 1 _aMettler, Liselotte
_9236876
245 0 0 _aFormas de religiosidad en la generación joven
_c Liselotte Mettler, Peter Mettler
650 0 4 _aReligiosidad Juvenil
_9220489
700 1 _aMettler, Peter
_959171
773 0 _tConcilium
_gvol. 3, nº. 49, 1969, págs. 456-460
_wRev134
942 _cAR
999 _c634325
_d634325